MDQL
is popping MORE tags! Check the
thread
!
Quizzes
Events
Quiz Creation
Community
Videos
Private Events
Remove Ads
Sign In
Join for FREE
Feedback
Dark Mode
Quiz Categories
Sports
Geography
Music
Movies
Television
Just For Fun
Miscellaneous
History
Literature
Language
Science
Gaming
Entertainment
Religion
Holiday
For Kids
Quiz Lab
Recent
Popular Today
Quiz Kudos Today
Editor Picks
Curator Picks
Quizzes by...
Day
Popularity
Type
Ratings
Length
Year
Community
Subscriptions
Recent Discussions
Orange Saloon
Badges
Playlists
Quests
Create
Leaderboards
Showdown
Live 5
Trivia Bingo
Activity
Puzzle Library
Sporcle Events
Private Events
Virtual Trivia
Globe League
Become a Host
Pub Owners
SporcleCon
Opinionation
Our Games
Videos
Blog
Mobile Apps
Partnerships
Remove Ads and Go Orange
Feedback
Television
TV Characters
TV Show
Sitcom
Network
Friends
Reality Shows
Cast
South Park
Star Trek
The Simpsons
Doctor Who
Television
TV Characters
TV Show
Sitcom
Network
Friends
Reality Shows
Cast
South Park
Star Trek
The Simpsons
Doctor Who
Random Quiz
Search Sporcle
×
Quiz Lab
Quiz Lab
Television
group
Type in answers that appear in a list
Type in answers that appear in a list
Classic
Best Score? Go Orange.
The Sing-Off Groups Stats
Can you name the The Sing-Off Groups?
By
zachary123
5m
18 Questions
33 Plays
33 Plays
33 Plays
Comments
Comments
Give Quiz Kudos
Give Quiz Kudos
-
- Ratings
hide this ad
More Info
Random Order
Randomize order of answers
Randomize order of answers
Replay
Link that replays current quiz
Next Quiz
Link to next quiz in quiz playlist
You Got
0%
They Got
Avg Score
47%
Avg Friend Score
Upgrade to see
Score Distribution
Jump to the score distribution portion of the page
Score
0/18
Timer
05:00
0
Plays Today
Season (Place)
% Correct
2 (1)
Committed
93.9%
2 (3)
The Backbeats
87.9%
2 (2)
Street Corner Symphony
81.8%
1 (1)
Nota
78.8%
2 (5)
On the Rocks
66.7%
2 (7)
The Whiffenpoofs
63.6%
2 (4)
Jerry Lawson and Talk of the Town
60.6%
2 (10)
Pitch Slapped
57.6%
1 (2)
The Beelzebubs
45.5%
Season (Place)
% Correct
2 (8)
Eleventh Hour
45.5%
1 (3)
Voices of Lee
36.4%
2 (9)
Men of Note
36.4%
1 (4)
The SoCals
27.3%
1 (8)
Face
21.2%
1 (5)
Maxx Factor
15.2%
1 (7)
Solo
15.2%
1 (6)
BYU Noteworthy
12.1%
2 (6)
Grove for Thought
6.1%
Quiz Playlist
Details
Report
Send in Message
Add To Playlist
More Info:
Both Seasons.
Classic:
Type in answers that appear in a list
Random Order:
Randomize order of answers
Last Updated: Feb 16, 2017
Quiz Scoreboard
CHALLENGE
Sign Up to Join the Scoreboard
Show All
Scores
Hide
Comments
May contain spoilers
Recently Published
Image Sorting: Flags VI
by Barbecue
Geography
2m
Find the 'City' Movie
by crazypaving
Movies
60s
Colored Red Africa Blitz
by spor1
Geography
45s
More to Explore
Quiz From the Vault
Featured Blog Post
14 Easter Pick-up Lines to Find Eggs With
hide this ad
You Might Also Like...
Tags
group
Hometown
place
season
Today's Top Quizzes in Television
Browse Television
hide this ad
Today's Top Quizzes in group
Browse group
Top Contributed Quizzes in Television
1
Survivor Journey Challenge
2
Brooklyn Nine Nine Logic Puzzle (How-To-Play)
3
Total Drama Characters
4
Adjectives in 00s TV Shows
5
Phoebe Buffay Quotes
6
Survivor Heroes vs. Villains Logic Puzzle
7
Survivor Trivia
8
Emmerdale Characters (from August 2012)
9
Game of Thrones: Tywin Lannister Start to Finish
10
Survivor Logic Puzzle: Heroes vs. Villains
Explore More
Trending Topics
Marvel
Disney
NBA
Kpop
Crossword
Harry Potter
Anime
The Office
Puzzle
Song
Soccer
Pokémon
WWE
NFL
Country
hide this ad
More By:
zachary123
Quiz
Plays
Rating
Category
Featured
Created
Futurama Characters
789
2.57
Television
Jul 7, 2010
MadGab Grab Bag
457
3.33
Miscellaneous
Dec 21, 2010
Dog Breed MadGab
435
3.57
Miscellaneous
Dec 30, 2010
Highways in Massachusetts
409
1.60
Miscellaneous
Jul 25, 2010
Song Mad Gab
371
2.50
Miscellaneous
Dec 28, 2010
Go to Creator's Profile
Score Distribution
Quiz Creator Spotlight
zachary123
Follow
Send a Message
Quizzes Created
-
Created Quiz Play Count
-
More By This Creator
Popular Quizzes Today
1
Colored Red Africa Blitz
2
Find the US States - No Outlines Minefield
3
Find the 'City' Movie
4
5x2 Blitz: Bands
5
The Countries of the World
6
Find the US States
7
Find the Countries of Europe - No Outlines Minefield
8
US States
More Television Quizzes
TV Show by 'And ...' Credit
Published
Trending Quizzes
Colored Red Europe Blitz I
Colored Red Europe Blitz II
Colored Red Africa Blitz II
Colored Red Europe Blitz III
Colored Red Africa Blitz III
Recently Updated
How Do You Spell That?
pecheneg
Godzilla Movies
pecheneg
Grab Bag: 4-10 Letters
pecheneg
2024 March Madness Bracket
pecheneg
Famous TV Couples
Peacemaker
Champions League XIs: Real Madrid
pecheneg
Largest US Cities 1790-2010
pecheneg
Rides in Walt Disney World
pecheneg
Most Oscar Losses (Acting)
pecheneg
Beyoncé Albums
pecheneg
Trending Topics
Crossword
Kpop
Anime
NBA
Harry Potter
Marvel
Disney
Country
The Office
Soccer
NFL
Pokémon
Puzzle
WWE
Song
Your Account Isn't Verified!
In order to create a playlist on Sporcle, you need to verify the email address you used during registration. Go to your
Sporcle Settings
to finish the process.
Report this User
Report this user for behavior that violates our
Community Guidelines
.
Details:
Send Report
Go to the Sporcle.com Mobile Site →
Comments